All hermitcraft members ever - Statistics

General Stats
  • This quiz has been taken 159 times
    78 since last reset
  • The average score is 27 of 63
Answer Stats
Current Status Answer % Correct
Active Grian
98%
Active MumboJumbo
96%
Active GoodTimeWithScar
94%
Active ZombieCleo
92%
Active GeminiTay
90%
Active impulseSV
90%
Active PearlescentMoon
90%
Active Skizzleman
88%
Active BdoubleO100
86%
Active EthosLab
86%
Active falsesymmetry
86%
Active SmallishBeans
86%
Active Tango
86%
Former iskall85
84%
Active VintageBeef
84%
Active Xisuma
84%
Active Docm77
78%
Former Stressmonster101
78%
Active joehillssays
76%
Former Tinfoilchef
76%
Active cubfan135
74%
Active iJevin
74%
Active xBcrafted
74%
Active Zedaph
74%
Active Keralis1
72%
Active Rendog
72%
Active Welsknight
70%
Active Hypnotized
66%
Former Biffa2001
46%
Former PythonGB
46%
Former generikb
42%
Former Pungence
32%
Former Dinnerbone
30%
Inactive Jessassin
24%
Former monkeyfarm
20%
Former KingDaddyDMAC
16%
Former Zueljin
14%
Former Aureylian
12%
Former IAmSp00n
12%
Former King_Happy
12%
Former sl1pg8r
10%
Former Cubehamster
8%
Former skyzm
8%
Former VenomKisser
8%
Former red3yz
6%
Former topmass
6%
Former Brenybeast
4%
Former Coestar
4%
Former Kiershar
4%
Former LuclinMCWB
4%
Former Marriland
4%
Former Shawnvmartin
4%
Former Sokar408
4%
Former alex2205
2%
Former CilantroGamer
2%
Former dewtroid
2%
Former Joenagee
2%
Former JoshuaaaP
2%
Former Juicetra
2%
Former Unhost
2%
Former MidnightEnforcer
0%
Former Shaunstatic
0%
Former Spumwackles
0%
No matching quizzes found
Score Distribution
Percent of People with Each Score
Percentile by Number Answered
Your Score History
You have not taken this quiz since the last reset